Central Library OPAC University of Rajshahi

The adventures of Gil Blas ../ (Record no. 22183)

MARC details
000 -LEADER
fixed length control field 00667cam a2200229u 4500
001 - CONTROL NUMBER
control field 22183
003 - CONTROL NUMBER IDENTIFIER
rucl marc code BD-RjUL
005 - DATE AND TIME OF LATEST TRANSACTION
control field 20211209000757.0
008 - FIXED-LENGTH DATA ELEMENTS--GENERAL INFORMATION
fixed length control field 140306s19381910enk 000 0 eng
035 ## - SYSTEM CONTROL NUMBER
System control number (BD-RjUL)22248
040 ## - CATALOGING SOURCE
Original cataloging agency DLC
Transcribing agency CarP
Modifying agency DLC
Language of cataloging eng
041 ## - LANGUAGE CODE
Language code of text/sound track or separate title eng
082 ## - DEWEY DECIMAL CLASSIFICATION NUMBER
Classification number 843
Author mark and year LEA 1938
100 1# - MAIN ENTRY--PERSONAL NAME
Personal name Le Sage, Alain René,
Dates associated with a name 1668-1747.
9 (RLIN) 68462
245 14 - TITLE STATEMENT
Title The adventures of Gil Blas ../
Statement of responsibility, etc. Alain René Le Sage
260 ## - PUBLICATION, DISTRIBUTION, ETC. (IMPRINT)
Place of publication, distribution, etc. London :
Name of publisher, distributor, etc. J. M. Dent & sons, ltd.;
Date of publication, distribution, etc. C1910[repring1936]
300 ## - PHYSICAL DESCRIPTION
Pagination 385 p.;
Size 18 cm.
700 1# - ADDED ENTRY--PERSONAL NAME
Personal name Malkin, Benjamin Heath,
Dates associated with a name 1769-1842.
942 ## - ADDED ENTRY ELEMENTS (KOHA)
Source of classification or shelving scheme Dewey Decimal Classification
Koha item type Books
Holdings
Lost status Source of classification or shelving scheme Damaged status Not for loan Collection code Permanent Location Current Location Shelving location Date acquired Source of acquisition Cost, normal purchase price Total Checkouts Full call number Date last seen Copy number Koha item type
  Dewey Decimal Classification   Added to bundle Fiction Central Library, University of Rajshahi Central Library, University of Rajshahi Reading Room 21/09/1955 B.H.Black well 0.35   843 LEA V-2 1938 06/03/2014 C-1 Books